00871nam a2200217 a 450000100100000000500170001000800410002704000250006808200180009310000400011124501290015126000530028030000270033350000360036065000300039665000320042670000470045804900090050595201220051499900170063600002425920200930022844.0110125s2006 bl r 000 | spa d aDO-SdBNPbspacBNPHU a869.92bR696C1 aCarneiro da Cunha, Francisco94980210aNelson Rodrigues' theatrical works :bbilingual /cFrancisco Carneiro da Cunha ; traducción Guido Lorenzo Trancredi Botto. aSão Paulo, (Brasil) :bFactash Editora,c2006. a230p. :bil. ;c21 cm. aIncluye nota al pie de página 4aTeatro brasileño949803 4aLiteratura brasileña98231 aTrancredi Botto, Guido Lorenzoetr.949804 aBNGR 001054708MOaGRbGRcCTd2011-01-25iLF1l0o869.92 R696Cp24259-10r2020-06-25w2020-06-25y4ZPréstamo en sala c23753d23753